Marketing v poľnohospodárstve v oblasti rastlinnej výroby bakalárska práca

Gespeichert in:
Bibliographische Detailangaben
1. Verfasser: Gálik, Peter
Körperschaft: Obchodná fakulta EU. Katedra marketingu
Weitere Verfasser: Chebeň, Juraj
Format: Buch
Sprache:Slowakisch
Veröffentlicht: Bratislava 2011
Tags: Tag hinzufügen
Keine Tags, Fügen Sie das erste Tag hinzu!

MARC

LEADER 00000nbm a2200000 4500
001 0150836
005 20120523125220.6
041 0 |a slo 
044 |a SK 
245 1 0 |a Marketing v poľnohospodárstve v oblasti rastlinnej výroby  |b bakalárska práca  |c Peter Gálik ; školiteľ: Juraj Chebeň 
264 1 |a Bratislava  |c 2011 
300 |a 53 s. 
100 1 |a Gálik, Peter 
700 1 |a Chebeň, Juraj 
710 2 |a Obchodná fakulta EU. Katedra marketingu